| 000 | 00455cam a2200193ua 4500 | ||
|---|---|---|---|
| 001 | 9787 | ||
| 005 | 20260515114525.0 | ||
| 008 | 160829n ii |||gr||||Z||||||eng | ||
| 020 | _a8121902642 | ||
| 040 | _cMAIN | ||
| 041 | _aeng | ||
| 082 | _a330.15 | ||
| 100 |
_aLokanathan, V., _eAuthor. |
||
| 245 |
_aHistory of economic thought _cBy V. Lokanathan |
||
| 260 |
_aNew Delhi: _bS Chand, _c1989. |
||
| 300 | _a383p. | ||
| 653 | _aEconomics | ||
| 942 | _cBK | ||
| 999 |
_c8789 _d8789 |
||